[Event "EICC 2017"]
[Site "Minsk"]
[Date "2017.05.31"]
[Round "2"]
[White "Gabuzyan, Hovhannes"]
[Black "Jobava, Baadur"]
[Result "1-0"]
[WhiteElo "2570"]
[BlackElo "2713"]
[Annotator "TA"]
[PlyCount "147"]
[EventDate "2017.??.??"]
[EventCountry "BLR"]
[SourceTitle "playchess.com"]
[Source "ChessBase"]
[SourceQuality "1"]

{[%evp 10,147,19,17,31,29,29,29,12,12,29,0,19,0,0,0,0,-16,46,30,24,11,3,0,18,-10,12,0,27,0,0,0,0,0,16,18,16,17,24,16,17,13,0,14,21,14,16,0,0,0,1,1,1,4,11,0,0,-3,0,0,0,0,25,24,65,56,67,45,101,89,97,94,109,84,90,87,87,87,90,90,93,98,104,80,90,67,65,33,33,29,30,27,55,55,55,55,55,55,62,51,62,62,62,55,62,62,63,63,281,281,264,124,304,281,333,333,333,333,333,333,29960,350,29964,29966,29964,29957,29974,29974,29975,29976,29976,29977,29977,29978,29978,29979,29977,29977,29986,29987]} 1. Nf3 d5 2. g3 c6 3. Bg2 Bg4 4. O-O Nd7 5. d4 e6 6. Nbd2 Bd6 {A07: Réti Opening: New York and Capablanca Systems} (6... Ngf6 7. Re1 Be7 8. e4 dxe4 9. Nxe4 O-O 10. c3 Bh5 11. Qb3 Nxe4 12. Rxe4 Qb6 13. Nd2 Bg6 14. Re1 a5 15. Nc4 Qa6 16. a4 Bd3 17. Ne3 Nf6 18. Rd1 Rab8 19. c4 Bg6 20. Bd2 Rfd8 21. Be1 Bh5 22. Rd3 Bg6 23. Rdd1 Bh5 24. Rd3 {½-½ (24) Pantsulaia,L (2607)-Tomashevsky,E (2716) Doha 2016}) 7. e4 Ne7 8. Re1 O-O {White has an edge.} 9. h3 Bh5 10. c3 Rc8 11. Qb3 b6 $146 12. c4 Bb8 13. Qa3 Nf6 (13... dxc4 $11 14. Nxc4 c5) 14. cxd5 $14 cxd5 15. e5 Nd7 16. Nf1 Nc6 {Hoping for ...Bxf3.} (16... Bxf3 $5 17. Bxf3 Nf5 $11) 17. Bg5 Qe8 {aiming for ...Bxf3.} 18. N1d2 a5 19. Rac1 h6 20. Rxc6 Rxc6 21. Be7 Qc8 {...Re8 is the strong threat.} 22. Bxf8 Nxf8 23. Bf1 Rc1 24. Kg2 Bg6 25. Re3 Qc6 26. Ne1 Bc7 27. Rc3 Rxc3 28. Qxc3 Qxc3 29. bxc3 f6 30. f4 Be8 31. Nc2 Bd8 32. Bd3 g5 33. Kf3 gxf4 34. gxf4 Kg7 35. Ke3 fxe5 36. dxe5 b5 37. Nb3 Bb6+ 38. Nbd4 Kf7 (38... h5 $14) 39. a3 $16 Nd7 40. Bxb5 Nc5 41. c4 dxc4 42. Bxc4 Kf8 43. Kf3 Bh5+ 44. Kg3 Bg6 45. Kg4 Ke8 46. Kf3 Be4+ 47. Ke2 Ke7 48. Bb5 Nb3 49. Nxb3 Bxc2 $14 {[%mdl 4096] Endgame KBB-KBN} 50. Nd2 a4 51. Bd3 Bb3 $1 52. Nxb3 axb3 {KB-KB} 53. a4 b2 54. Bb1 Kd8 55. Kd3 Kd7 56. Kc4 Be3 57. f5 exf5 58. Bxf5+ Ke7 $2 {[#]} (58... Kc7 $14) 59. a5 $1 $18 {[%cal Ba4a5,Ba5a6][%mdl 32]} Bf2 60. Kd5 h5 $2 (60... Bg1 $16 {was necessary.} 61. a6 h5) 61. a6 h4 62. Bb1 Bg1 63. Ke4 Bc5 64. Kf4 Bf2 $2 (64... Kd7 $18 65. Kf5 Ke7) 65. Ba2 Bc5 $2 (65... Kd7 $18 66. Kf5 Ke7) 66. Kg4 {White mates.} Bf2 {[#]} 67. Kg5 $1 Be3+ 68. Kxh4 b1=Q 69. Bxb1 Ke6 70. Kh5 Kxe5 71. Kg6 Ke6 72. h4 {[%cal Bh3h4,Bh4h5][%mdl 32]} Ke7 73. h5 Kf8 74. Ba2 {Precision: White = 82%, Black = 31%.} 1-0

[Event "EICC 2017"]
[Site "Minsk"]
[Date "2017.05.31"]
[Round "2"]
[White "Bortnyk, Olexandr"]
[Black "Leko, Peter"]
[Result "1/2-1/2"]
[WhiteElo "2567"]
[BlackElo "2703"]
[Annotator "TA"]
[PlyCount "112"]
[EventDate "2017.??.??"]
[EventCountry "BLR"]
[SourceTitle "playchess.com"]
[Source "ChessBase"]
[SourceQuality "1"]

{[%evp 19,112,-27,-18,-76,-76,-64,-70,-77,-72,-80,-66,-112,-118,-143,-142,-131,-118,-100,-116,-123,-131,-126,-137,-187,-175,-195,-195,-340,-343,-319,-210,-286,-281,-274,-167,-217,-131,-154,-154,-148,-145,-175,-161,-156,0,-123,-129,-131,-137,-140,-141,-147,-141,-131,-119,-102,0,-102,-102,-131,-122,-153,-153,-153,-153,-153,-153,-153,-153,-153,-153,-380,-373,-357,-340,-268,-319,-275,0,-322,-281,-314,-234,-220,-212,-205,0,-102,0,-212,0,-209,0,-146,0]} 1. e4 e5 2. Nf3 Nc6 3. d4 exd4 4. Nxd4 Nf6 5. Nxc6 bxc6 6. e5 Qe7 7. Qe2 Nd5 8. c4 Ba6 9. b3 g6 10. f4 {C45: Scotch Game} d6 $1 {LiveBook: 45 Games} (10... Bg7 11. Qf2 Nf6 12. Ba3 d6 13. Nc3 O-O 14. O-O-O Ne8 15. g3 Bb7 16. Bg2 f6 17. exd6 Nxd6 18. c5 Nf5 19. Rhe1 Qf7 20. Bf1 Rfd8 21. Rxd8+ Rxd8 22. Bc4 Rd5 23. Qe2 {1-0 (23) Nepomniachtchi,I (2740)-Tomashevsky,E (2731) Moscow 2016}) 11. exd6 (11. Qd2 $11 Nb6 12. Ba3) 11... Qxe2+ $1 $17 12. Bxe2 {Black is better.} Bg7 13. cxd5 Bxe2 14. Kxe2 {And now Na3 would win.} cxd5 15. Bd2 $146 {Black must now prevent Nc3.} ({Predecessor:} 15. Nc3 Bxc3 16. Rb1 c6 17. Ba3 Kd7 18. Kd3 Bg7 19. h4 h5 20. Rhe1 Rae8 {½-½ (20) Schmidt,V (2362)-Dunlop,G (2300) ICCF email 2012}) 15... Bxa1 16. Nc3 Bxc3 $1 17. Bxc3 {[%mdl 4096] Endgame KRR-KRB} Rg8 18. dxc7 Kd7 19. Ba5 Rae8+ 20. Kd3 Re6 21. Rd1 Rge8 22. Kc3 Rc6+ 23. Kb4 (23. Kd3 {keeps fighting.}) 23... Re4+ $19 24. Ka3 Kd6 ({Stronger than} 24... Rxf4 25. Rxd5+ Ke6 26. Rd8 $11) 25. g3 d4 26. Rd2 Kd5 27. Kb2 Re8 28. a4 Rc5 29. b4 Rc4 30. Kb3 Re3+ 31. Kb2 Re8 32. Kb3 $1 Rc3+ 33. Kb2 f5 34. b5 Rc4 35. Kb3 Re3+ 36. Kb2 Re7 37. Kb3 Re3+ 38. Kb2 h6 39. Rc2 Re8 40. Rxc4 Kxc4 $17 {KR-KB} 41. b6 axb6 42. Bxb6 d3 {[%cal Bd4d3,Bd3d2][%mdl 32]} 43. Kc1 Kc3 {[%cal Re8e1]} 44. Kd1 d2 $1 {[%csl Gd2][%cal Re8e1]} 45. Be3 $2 (45. Ba5+ $17 Kb3 46. Bxd2) 45... Rc8 $1 $19 46. Bb6 Kd3 47. Ba5 Kc4 48. Bb6 ({Much worse is} 48. Kxd2 Kb3 $19) 48... Kd3 49. Ba5 $1 {[#]} h5 $1 50. Bb6 Re8 {[%csl Gd2][%cal Re8e1]} 51. Bf2 Ra8 52. Ba7 {[#]} Rc8 (52... g5 $1 $19 {and Black stays clearly on top. ...h4 is the strong threat.} 53. h4 (53. fxg5 {is a self mate.} h4 54. gxh4 f4 55. h3 f3 56. a5 Rc8 57. Bb6 Rxc7 58. Bxc7 f2 59. Bg3 f1=Q+ 60. Be1 dxe1=R#) 53... gxh4 54. gxh4 Rc8) 53. Bb6 $17 Re8 (53... Rh8 $17 54. Bc5 Re8) 54. Bf2 $19 Ra8 55. Ba7 $1 Rc8 56. Bb6 Re8 {Precision: White = 51%, Black = 71%.} ({Better is} 56... Kc3 $17 57. a5 Kd3) 1/2-1/2

[Event "EICC 2017"]
[Site "Minsk"]
[Date "2017.05.31"]
[Round "2"]
[White "Predke, Alexandr"]
[Black "Rodshtein, Maxim"]
[Result "0-1"]
[WhiteElo "2566"]
[BlackElo "2698"]
[Annotator "TA"]
[PlyCount "94"]
[EventDate "2017.??.??"]
[EventCountry "BLR"]
[SourceTitle "playchess.com"]
[Source "ChessBase"]
[SourceQuality "1"]

{[%evp 17,94,8,10,2,0,0,0,0,0,0,0,0,0,0,0,2,25,0,32,-59,-41,-83,-93,-102,-83,-83,-84,-83,-83,-85,-83,-83,-83,-107,-83,-83,-85,-96,-85,-91,-69,-65,-66,-102,0,-152,-166,-164,-170,-179,-154,-147,-163,-171,-160,-177,-170,-231,-234,-220,-222,-243,-268,-356,-338,-335,-331,-336,-347,-352,-281,-498,-452,-472,-500,-455,-443,-5762,-5762]} 1. e4 c6 2. d4 d5 3. exd5 cxd5 4. Nf3 Nc6 5. Bb5 e6 6. Ne5 {B13: Caro-Kann: Exchange Variation and Panov-Botvinnik Attack} Bd7 7. Nxd7 Qxd7 8. c3 Nf6 9. O-O Bd6 {LiveBook: 8 Games} 10. Nd2 $146 (10. Re1 O-O 11. Bd3 Qc7 12. g3 h6 {1-0 (46) Carlsen,M (2840)-Vidit,S (2689) Doha 2016}) ({Predecessor:} 10. Qe2 Qc7 11. g3 O-O {0-1 (65) Panas,P (2220)-Sergeev,V (2447) Polanica Zdroj 2009}) 10... O-O 11. f4 Qc7 12. g3 a6 13. Bd3 b5 14. a3 Na5 15. Qe2 Nc4 16. Nf3 Qb7 17. Ne5 Rac8 18. f5 ({White should play} 18. Re1 $14) 18... exf5 19. Rxf5 Bxe5 20. dxe5 Ne4 21. Be3 g6 22. Bxc4 bxc4 23. Rff1 Rfe8 24. Bd4 Rb8 25. Qg4 Qe7 26. Qe2 Qg5 27. Rae1 Rb7 28. Qg2 Reb8 29. Re2 h5 30. Rf4 {[#]} h4 $1 {[%mdl 512]} 31. Rxh4 $2 {[#]} (31. Qh3 $11 hxg3 32. Rh4 gxh2+ 33. Kxh2) 31... Rxb2 $1 $17 {[%mdl 512]} 32. Rxb2 Qc1+ 33. Qf1 Qxf1+ 34. Kxf1 Rxb2 $19 {[%mdl 4096] Endgame KRB-KRN} 35. a4 Ra2 36. e6 fxe6 37. Rh8+ (37. g4 {is a better defense.}) 37... Kf7 38. Rh7+ Ke8 39. g4 g5 40. h4 gxh4 (40... Rxa4 41. h5 $17) 41. Rxh4 Ng3+ ({Resist} 41... Rxa4 42. Rh8+ Kd7 43. Rb8) 42. Ke1 e5 ({Don't do} 42... Rxa4 43. Rh8+ Kd7 44. Kd2 $19) 43. Ba7 Ra1+ ({Much less strong is} 43... Rxa4 44. Rh8+ Ke7 45. Bb8 $19) 44. Kd2 $2 (44. Kf2 {only move.} Ne4+ 45. Kf3 Nxc3 46. Rh5 Rf1+ 47. Ke3) 44... Ne4+ {Black is clearly winning.} 45. Kc2 Ra2+ 46. Kc1 Nxc3 {Threatens to win with ...d4.} 47. Rh6 (47. Rh5 $142 e4 48. Be3) 47... d4 {Precision: White = 46%, Black = 76%.} 0-1

[Event "EICC 2017"]
[Site "Minsk"]
[Date "2017.05.31"]
[Round "2"]
[White "Donchenko, Alexander"]
[Black "Tomashevsky, Evgeny"]
[Result "1/2-1/2"]
[WhiteElo "2563"]
[BlackElo "2696"]
[Annotator "TA"]
[PlyCount "56"]
[EventDate "2017.??.??"]
[EventCountry "BLR"]
[SourceTitle "playchess.com"]
[Source "ChessBase"]
[SourceQuality "1"]

{[%evp 26,56,16,9,19,2,37,0,0,-12,-12,-12,-12,-41,-9,-17,-16,-17,-11,-10,-17,-10,0,-10,0,0,0,0,0,0,0,-15,-17]} 1. d4 d5 2. c4 e6 3. Nc3 c6 4. Nf3 dxc4 5. e3 b5 6. a4 Bb4 7. Bd2 a5 8. axb5 Bxc3 9. Bxc3 cxb5 10. b3 Bb7 11. bxc4 b4 12. Bb2 Nf6 13. c5 {D31: Queen's Gambit Declined: Semi-Slav without ...Nf6 (+ Marshall Gambit and Noteboom) and Exchange Variation lines without ...Nf6} (13. Bd3 O-O 14. O-O Nbd7 15. Nd2 e5 16. d5 Re8 17. f4 Qe7 18. Bc2 Qd6 19. Kh1 e4 20. Ba4 Rec8 21. Bxd7 Nxd7 22. Qg4 Nf6 23. Nxe4 Nxg4 24. Nxd6 Nxe3 {½-½ (44) Lenderman,A (2626)-Tomashevsky,E (2744) Doha 2015}) 13... O-O 14. Bb5 {LiveBook: 42 Games} Ba6 15. Qa4 (15. Qe2 $5) 15... Qd5 $146 ({Predecessor:} 15... Bxb5 16. Qxb5 Qc7 17. Ne5 Nfd7 18. Nc4 Qc6 19. Qxc6 Nxc6 20. Ra4 Nf6 {0-1 (44) Borowicz,P (2001)-Matuszewski,M (2317) Warsaw 2010}) 16. Qxa5 {[%cal Rb5a6]} (16. Bxa6 {keeps more tension.} Rxa6 17. O-O Nc6 18. Rfd1 Rfa8 19. Nd2) 16... Nc6 $1 {[%cal Rc6a5]} 17. Qxa6 Rxa6 18. Rxa6 Qb3 19. Bxc6 Qxb2 20. O-O {The position is equal.} b3 21. Rb6 Nd5 22. Bxd5 $1 exd5 23. c6 $1 Qc2 {Hoping for ...Rc8.} 24. c7 f6 (24... Rc8 $5 {[%cal Rc8c7]} 25. Rb8 Qxc7 26. Rxb3 Rb8 27. Rxb8+ Qxb8 $11) 25. Ne1 Qxc7 26. Rxb3 Rb8 27. Rxb8+ Qxb8 28. h4 Qb1 {Precision: White = 71%, Black = 69%.} 1/2-1/2

[Event "EICC 2017"]
[Site "Minsk"]
[Date "2017.05.31"]
[Round "2"]
[White "Kryakvin, Dmitry"]
[Black "Fedoseev, Vladimir"]
[Result "0-1"]
[WhiteElo "2560"]
[BlackElo "2690"]
[Annotator "TA"]
[PlyCount "90"]
[EventDate "2017.??.??"]
[EventCountry "BLR"]
[SourceTitle "playchess.com"]
[Source "ChessBase"]
[SourceQuality "1"]

{[%evp 12,90,43,25,45,40,65,63,88,77,95,88,90,95,145,141,178,162,154,156,197,197,213,70,227,0,0,0,0,-15,0,0,0,0,0,0,0,-13,0,-161,-199,-187,-100,-104,-78,-172,-143,-288,-260,-325,-333,-325,-335,-329,-278,-331,-321,-410,-395,-555,-560,-484,-413,-495,-315,-292,-209,-410,-405,-406,-405,-515,-389,-312,-239,-239,-239,-304,-297,-323,-347]} 1. d4 f5 2. Bf4 Nf6 3. e3 {[%cal Be2e3,Be3e4,Be4e5][%mdl 32]} d6 (3... e6 4. Be2 b6 5. Bf3 d5 6. c4 c6 7. Nc3 Bd6 8. Nge2 O-O 9. O-O Ba6 10. cxd5 cxd5 11. Re1 Nc6 {1-0 (45) Morozevich,A (2683)-Kamsky,G (2637) Sochi 2016}) 4. Nc3 g6 5. h4 h6 6. Nf3 {A80: Dutch Defence: Unusual White second moves} Bg7 7. Bd3 {LiveBook: 3 Games} Nc6 8. e4 $146 {White is slightly better.} ({Predecessor:} 8. Qd2 Be6 9. a3 Qd7 10. O-O-O O-O-O 11. Bb5 Nd5 12. Nxd5 Bxd5 {1-0 (36) Kryakvin,D (2560)-Babarykin,S (2354) Sochi 2017}) 8... Nb4 9. e5 $1 {[%cal Re5f6]} Nxd3+ 10. Qxd3 Ng4 11. Qe2 O-O 12. O-O-O c6 13. Ne1 $1 dxe5 14. dxe5 Qa5 {[%cal Rg4e5]} 15. Nd3 $1 c5 16. f3 c4 17. fxg4 ({White must play} 17. Ne1 $1 $18) 17... fxg4 $2 ({Black should try} 17... cxd3 $14 18. Qxd3 Be6) 18. Qe3 $2 ({Only move:} 18. Nb4 $1 $18 {[%cal Rb4d5]} Qxb4 19. Nd5) 18... cxd3 $11 19. Bxh6 dxc2 20. Rd4 (20. Rd5 Qb6 $17) 20... Bf5 21. Bxg7 Kxg7 22. h5 Qa6 23. Qg5 Rae8 $36 {[%mdl 2048] Black is pushing.} 24. a3 Rh8 {Strongly threatening ...Rxh5!} 25. h6+ $2 (25. Ne4 $1 $11 Rxh5 26. Rxh5 Qf1+ 27. Kxc2 Rc8+ 28. Kd2 (28. Kb3 {is a self mate.} Be6+ 29. Kb4 Rc4+ 30. Ka5 b6+ 31. Kb5 Rc5+ 32. Kb4 Qb5#) 28... Qxg2+ 29. Ke3) 25... Kh7 $19 26. Re1 {And now e6! would win.} Rhf8 (26... Qe6 $19 27. Nd5 a6) 27. e6 $17 {[#]} Rf6 $1 28. Qd2 (28. Qf4 $17) 28... Rxe6 $19 29. Rh1 (29. Ne4 $17 Bxe4 30. Rdxe4 Rxe4 31. Rxe4) 29... Rc8 30. Rd7 {Black must now prevent Qd4.} Re5 31. Rd5 Qe6 32. Rxe5 Qxe5 33. Re1 {[#]} Qd6 $1 34. Nd5 e5 35. Qg5 (35. Ne3 {might work better.} Qxd2+ 36. Kxd2) 35... Rf8 ({Not} 35... Qxd5 36. Qe7+ Qf7 37. Qxf7+ Kxh6 38. Qf6 Rc3 39. bxc3 Kh7 40. Rh1+ Kg8 41. Rh8#) 36. Qd2 Rf7 37. Rf1 Qf8 38. Ne3 Qxh6 {aiming for ...Rd7.} 39. Re1 $2 (39. Qc3) 39... Rd7 40. Qc3 Qf4 41. g3 Qd4 ({Less strong is} 41... Qh6 42. Qxe5 b5 43. Rf1 $17) 42. Nxc2 Qxc3 43. bxc3 Rd5 44. Re3 Kg7 45. Nb4 Rc5 {Precision: White = 39%, Black = 48%.} 0-1

[Event "EICC 2017"]
[Site "Minsk"]
[Date "2017.05.31"]
[Round "2"]
[White "Chigaev, Maksim"]
[Black "Cheparinov, Ivan"]
[Result "0-1"]
[WhiteElo "2559"]
[BlackElo "2688"]
[Annotator "TA"]
[PlyCount "80"]
[EventDate "2017.??.??"]
[EventCountry "BLR"]
[SourceTitle "playchess.com"]
[Source "ChessBase"]
[SourceQuality "1"]

{[%evp 12,80,37,7,9,9,9,9,9,6,11,8,3,5,6,2,6,16,0,11,14,-102,-7,-25,-18,-17,-31,-74,-74,-63,-69,-127,-100,-185,-188,-179,-176,-187,-173,-182,-179,-207,-204,-197,-180,-203,-193,-250,-245,-265,-272,-359,-359,-358,-358,-426,-416,-414,-380,-482,-482,-462,-459,-501,-504,-500,-494,-557,-560,-835,-827]} 1. e4 c5 2. Nf3 d6 3. d4 cxd4 4. Nxd4 Nf6 5. Nc3 a6 6. h3 e5 7. Nb3 Be6 {B90: Sicilian Najdorf: Unusual White 6th moves, 6 Be3 Ng4 and 6 Be3 e5} 8. Be3 (8. f4 Nbd7 9. g4 Rc8 10. f5 Bxb3 11. axb3 d5 12. exd5 Bb4 13. Bg2 Qb6 14. Bd2 e4 15. Qe2 {1-0 (33) Anand,V (2779)-Vachier Lagrave,M (2804) London 2016}) 8... Be7 9. f4 {[%cal Bf2f4,Bf4f5][%mdl 32]} Nc6 {The position is equal.} 10. f5 Bxb3 11. axb3 Nb4 12. g3 Qc8 {Hoping for ...Nxe4!} 13. Bg2 d5 $1 {[%cal Rd5d4]} 14. exd5 {aiming for d6.} Qxf5 15. Rc1 {And now g4 would win.} e4 {[%cal Rb4d5]} 16. Rf1 $146 {[#]} (16. g4 $1 $11 {remains equal.} Qd7 17. Bf2) ({Predecessor:} 16. g4 Qd7 17. O-O Nbxd5 18. Nxd5 Nxd5 19. Bf2 {½-½ (19) Bochev,K (2396)-Freeman,M (2503) ICCF email 2013}) 16... Qd7 (16... Qg6 $1 $17 {[%cal Rg6g3]} 17. g4 Rd8) 17. Nxe4 Nfxd5 18. Bd4 O-O 19. Qg4 Qxg4 20. hxg4 Rac8 21. Ke2 (21. Kd2 $15) 21... Na2 22. c3 (22. Rcd1 $17 Rxc2+ 23. Kf3) 22... Nxc1+ $19 23. Rxc1 Rfd8 24. Rf1 Re8 25. Kd3 Rcd8 26. g5 Nc7 27. Kc2 Ne6 28. Bb6 Rd7 29. Bh3 (29. Re1 $142) 29... Rd5 30. Bxe6 fxe6 {[%cal Bf7e6,Be6e5][%mdl 32]} 31. g4 Rf8 32. Rxf8+ Kxf8 {[%mdl 4096] Endgame KRB-KBN} 33. Be3 Kf7 34. c4 Rd8 35. c5 e5 {Black is clearly winning.} 36. b4 Ke6 37. b3 Kd5 38. Kd3 Kc6+ 39. Kc4 Rd1 40. Ng3 {[#]} Bxg5 $1 {[%mdl 512] Precision: White = 35%, Black = 85%.} 0-1

[Event "EICC 2017"]
[Site "Minsk"]
[Date "2017.05.31"]
[Round "2"]
[White "Ruck, Robert"]
[Black "Movsesian, Sergei"]
[Result "1/2-1/2"]
[WhiteElo "2557"]
[BlackElo "2680"]
[Annotator "TA"]
[PlyCount "101"]
[EventDate "2017.??.??"]
[EventCountry "BLR"]
[SourceTitle "playchess.com"]
[Source "ChessBase"]
[SourceQuality "1"]

{[%evp 18,101,19,17,21,20,26,19,12,17,36,29,41,33,61,30,40,26,23,20,32,24,28,20,52,48,46,44,45,32,56,52,48,45,48,46,73,59,56,61,70,51,55,55,65,64,78,73,78,72,67,75,128,79,78,82,114,114,114,0,114,114,115,112,110,110,125,101,104,116,115,121,129,118,107,20,15,8,8,5,6,13,6,8,20,3]} 1. Nf3 Nf6 2. c4 e6 3. Nc3 d5 4. d4 Bb4 5. Bg5 h6 6. Bxf6 Qxf6 7. e3 O-O 8. Rc1 dxc4 9. Bxc4 c5 10. O-O {aiming for Ne4.} cxd4 {D38: Queen's Gambit Declined: Ragozin Defence (4 Nf3 Bb4)} 11. Ne4 (11. Nxd4 Bd7 12. Ne4 Qe7 13. Bd3 Nc6 14. Nb3 Na5 15. Rc7 Rfd8 16. Nxa5 Bxa5 17. Rxb7 Qf8 18. Qh5 Bb6 19. Ng5 {½-½ (28) Radjabov,T (2710)-Harikrishna,P (2755) Shamkir 2017}) 11... Qe7 12. a3 (12. exd4 Nd7 13. a3 Bd6 14. Qe2 Nf6 15. Rfd1 Bf4 16. Rc2 Bd7 17. Nxf6+ Qxf6 18. Ne5 {0-1 (51) Ruck,R (2561)-Movsesian,S (2673) Tallinn 2016}) 12... Ba5 13. Qxd4 Nc6 14. Qc5 Qxc5 15. Nxc5 Rd8 {[#]} 16. Bb5 $146 ({Predecessor:} 16. Rfd1 Rxd1+ 17. Rxd1 Bb6 18. Ne4 {1-0 (62) Melkumyan,H (2633)-Nguyen,N (2629) Doha 2016}) 16... Ne7 17. Rc2 a6 18. Be2 Rb8 19. b4 Bb6 20. Rfc1 Bd7 21. Nxd7 Rxd7 22. Ne5 Rdd8 23. Bf3 Nd5 24. Nc4 {[#] And now Bxd5 would win.} Ba7 25. Kf1 Kf8 26. Ke2 f6 27. g3 Rd7 28. Na5 Bb6 29. Nb3 Ke7 30. Rc4 Ba7 31. h4 {[%cal Bh2h4,Bh4h5][%mdl 32]} Rbd8 32. h5 Bb6 33. a4 {Hoping for e4.} Ba7 34. a5 b5 ({Black should play} 34... f5) 35. axb6 Bxb6 36. Ra1 Nc7 37. Rc6 Rb8 38. Rc4 (38. g4 $16) 38... Kd8 (38... Rbd8 $11) 39. Be4 Rd6 40. g4 Rd7 41. Rc6 Ke7 42. Bd3 Nd5 {[#]} 43. Bc4 $1 Nxb4 44. Rxe6+ Kf8 45. Bxa6 Rc7 46. Re4 ({Better is} 46. Ra4 $16 Rc2+ 47. Kf1) 46... Nd5 $1 $11 {[%cal Rd5c3] Strongly threatening ...Nc3+.The position is equal.} 47. Kf3 {Threatening Nd4.} Bxe3 $1 48. Bc4 Nc3 49. Rxe3 Rxc4 50. Nd2 Rc7 51. Ne4 {Precision: White = 66%, Black = 54%.} 1/2-1/2

[Event "EICC 2017"]
[Site "Minsk"]
[Date "2017.05.31"]
[Round "2"]
[White "Shomoev, Anton"]
[Black "Areshchenko, Alexander"]
[Result "1/2-1/2"]
[WhiteElo "2550"]
[BlackElo "2677"]
[Annotator "TA"]
[PlyCount "25"]
[EventDate "2017.??.??"]
[EventCountry "BLR"]
[SourceTitle "playchess.com"]
[Source "ChessBase"]
[SourceQuality "1"]

{[%evp 15,25,8,13,0,0,0,0,0,3,0,29,0]} 1. Nf3 c5 2. c4 Nc6 3. Nc3 g6 4. e3 Nf6 5. d4 cxd4 6. exd4 d5 7. cxd5 Nxd5 8. Qb3 e6 9. Bg5 {A35: Symmetrical English: 2 Nc3 Nc6 3 Nf3} (9. Bb5 Bg7 10. O-O O-O 11. Bxc6 bxc6 12. Na4 Qd6 13. Re1 Rb8 14. Qd1 Ne7 15. Bd2 Nf5 16. Bc3 Rd8 17. Re4 Rb5 {½-½ (31) Aronian,L (2792)-So,W (2770) Paris 2016}) 9... Be7 10. Bh6 Bf8 11. Bg5 $146 ({Predecessor:} 11. Bxf8 Kxf8 12. Bb5 Na5 13. Qa3+ Kg7 14. O-O b6 15. b4 a6 16. Bd3 Qd6 17. Nxd5 exd5 {0-1 (48) Xu,Y (2557)-Areshchenko,A (2686) Dubai 2017}) 11... Be7 12. Bh6 Bf8 13. Bg5 1/2-1/2

[Event "EICC 2017"]
[Site "Minsk"]
[Date "2017.05.31"]
[Round "2"]
[White "Blomqvist, Erik"]
[Black "Motylev, Alexander"]
[Result "1/2-1/2"]
[WhiteElo "2546"]
[BlackElo "2665"]
[Annotator "TA"]
[PlyCount "51"]
[EventDate "2017.??.??"]
[EventCountry "BLR"]
[SourceTitle "playchess.com"]
[Source "ChessBase"]
[SourceQuality "1"]

{[%evp 18,51,49,29,32,29,29,31,27,29,33,30,42,27,36,36,31,31,36,36,36,31,43,44,66,41,51,38,117,112,99,0,100,0,84,0]} 1. e4 c6 2. d4 d5 3. Nc3 dxe4 4. Nxe4 Bf5 5. Ng3 Bg6 6. Nh3 e6 7. Nf4 Bd6 8. h4 Bxf4 {B18: Classical Caro-Kann: 4...Bf5 sidelines} 9. Bxf4 h6 10. h5 {LiveBook: 6 Games} Bh7 $1 {White has an edge.} 11. c4 (11. Be2 Nd7 12. O-O Ngf6 13. a4 Nd5 14. Bd6 N7f6 15. Be5 a5 16. c3 {1-0 (51) Piorun,K (2665)-Iturrizaga Bonelli,E (2658) Germany 2017}) 11... Nf6 12. Be2 O-O 13. O-O Re8 14. Bf3 Nbd7 15. Re1 Qb6 $146 ({Predecessor:} 15... Rc8 16. Qe2 {0-1 (41) Aubert,L (1958)-Gvanceladze,A (2179) Avoine 2016}) 16. Re3 a5 17. Qd2 Qa6 18. Rc1 a4 19. Bd6 Qb6 20. b4 Qa6 21. Qb2 Rac8 22. Rec3 Qb6 ({Black should try} 22... Qa7 $14) 23. Ra3 Qa6 24. Rac3 Qb6 25. Ra3 Qa6 $1 26. Rac3 {Precision: White = 63%, Black = 60%.} (26. b5 $16 Qa5 27. bxc6 bxc6 28. c5) 1/2-1/2

[Event "EICC 2017"]
[Site "Minsk"]
[Date "2017.05.31"]
[Round "2"]
[White "Forcen Esteban, Daniel"]
[Black "Anton Guijarro, David"]
[Result "0-1"]
[WhiteElo "2545"]
[BlackElo "2660"]
[Annotator "TA"]
[PlyCount "80"]
[EventDate "2017.??.??"]
[EventCountry "BLR"]
[SourceTitle "playchess.com"]
[Source "ChessBase"]
[SourceQuality "1"]

{[%evp 17,80,0,0,9,24,25,53,48,62,64,81,65,82,70,62,78,66,75,72,70,85,102,141,135,150,148,137,104,93,91,137,91,108,20,26,17,22,16,16,-27,-29,-25,-31,-117,-109,-234,-224,-187,0,-147,-147,-147,-144,-159,-153,-155,-149,-462,-461,-271,-242,-29984,-29985,-29991,-29992]} 1. e4 e5 {[%cal Be7e5,Be5d4][%mdl 32]} 2. Nf3 Nc6 3. d4 exd4 4. Bc4 Bc5 5. c3 Nf6 6. e5 d5 7. Bb5 Ne4 8. cxd4 Bb6 9. Nc3 O-O 10. Be3 {C54: Giuoco Piano: 4 c3 Nf6, main lines with 5 d4 and 5 d3} f6 (10... Bg4 11. h3 Bh5 12. O-O Nxd4 13. Bxd4 Bxf3 14. gxf3 Qg5+ 15. Kh1 Qf5 16. fxe4 Qxh3+ 17. Kg1 Bxd4 18. Qxd4 Qg4+ 19. Kh1 Qh3+ 20. Kg1 Qg4+ 21. Kh1 Qh3+ 22. Kg1 {½-½ (22) Mamedyarov,S (2772)-Karjakin,S (2783) Shamkir 2017}) 11. Qb3 Nxc3 12. Bxc6 $1 {White is slightly better.} bxc6 13. Qxc3 Qe8 14. exf6 Rxf6 15. Ne5 c5 16. dxc5 {Strongly threatening f4.} Ba5 17. Qxa5 Qxe5 18. Qd2 $146 Qh5 19. O-O Ba6 20. Rfe1 Raf8 21. Bd4 Rg6 {intending ...Rxg2+!} 22. Be5 d4 {( -> ...Rxg2+!)} 23. Bg3 ({Much worse is} 23. Qxd4 $6 Rxg2+ 24. Kxg2 Qf3+ 25. Kg1 Bb7 $11) 23... d3 24. Re5 Qg4 25. b4 (25. b3 $16) 25... h5 $1 $11 {[%cal Bh7h5,Bh5h4,Bh4h3][%mdl 32]} 26. Rae1 {And now a4 would win.} h4 {...Qc4 is the strong threat.} 27. f3 Qc4 28. R5e4 Qc2 29. Qxc2 dxc2 30. Bxc7 (30. Bf4 $1 $15) 30... Rxf3 $1 $17 31. Bf4 ({Don't blunder} 31. Rxh4 $2 Rd3 $19) (31. g3 $17 {was worth a try.}) 31... h3 {[%mdl 1024] Black has strong compensation.} 32. g3 Rf6 $2 ({Black should play} 32... Bd3 $1 $19 {[%cal Rd3e4]} 33. Rd4 Re6) 33. Re5 (33. a4 $1 $11 {remains equal.}) 33... Bb5 34. Rc1 a6 $1 35. Ree1 {[#]} Ba4 $1 36. Re2 Kf7 37. Bg5 $2 {[%mdl 8192]} (37. a3 $17 {is tougher.}) 37... R6f5 $19 38. Bf4 {[#]} g5 $1 {[%cal Rg5f4]} 39. Bd2 $2 (39. Re5 $19 Rxe5 40. Bxe5) 39... Bb5 40. Ree1 Rf2 {Precision: White = 47%, Black = 75%.} 0-1